00601cam a22001933a 450000100060000000300060000600500170001200800410002904000150007004200070008510000320009224501190012426000290024350600300027251600200030270000140032283000290033685600420036539986PGUSA20140828083906.0120613s2012||||xxu|||||s|||||000 | eng d aPGUSAbeng adc1 aSteiner, Rudolf,d1861-192514aThe Way of Initiation ;bor, How to Attain Knowledge of the Higher Worldsh[electronic resource] /cRudolf Steiner bProject Gutenberg,c2012 aPublic domain in the USA. aElectronic text1 aGysi, Max 0aProject Gutenbergv3998640uhttp://www.gutenberg.org/ebooks/39986